Entry Nombre personal
001 - NÚMERO DE CONTROL
- campo de control: 90761
003 - IDENTIFICADOR DE NÚMERO DE CONTROL
- campo de control: SpMaBN
005 - FECHA Y HORA DE LA ÚLTIMA TRANSACCIÓN
- campo de control: 20250803034701.0
008 - ELEMENTOS DE DATO DE LONGITUD-FIJA
- campo de control de longitud fija: 901120nn aijnnaabn a aaa
016 ## - NÚMERO DE CONTROL DE UNA AGENCIA BIBLIOGRÁFICA NACIONAL
- Número de control del registro: BNE19900254135
024 7# - IDENTIFICADOR DE OTROS ESTÁNDARES
- Número estándar o código: http://viaf.org/viaf/24745166/
- Fuente: viaf
024 7# - IDENTIFICADOR DE OTROS ESTÁNDARES
- Número estándar o código: https://isni.org/isni/0000000059532109
- Fuente: isni
040 ## - FUENTE DE CATALOGACIÓN
- Centro catalogador/agencia de origen: SpMaBN
- Lengua de catalogación: spa
- Centro/agencia transcriptor: SpMaBN
- Normas de descripción: rdc
- Convención/Normas de encabezamiento de materia/tesauro: embne
042 ## - CÓDIGO DE AUTENTICACIÓN
- Código de autenticación: NOR100301
046 ## - FECHAS CON CODIFICACIÓN ESPECIAL
- Fecha de nacimiento: 1948
- Fecha de la muerte: 2022
100 1# - ENCABEZAMIENTO-NOMBRE DE PERSONA
- Nombre de persona: Pérez de Ayala, Juan,
- Fechas asociadas al nombre: 1948-2022
370 ## - LUGAR ASOCIADO
- Lugar de nacimiento: Argentina, Buenos Aires (Provincia), General Pueyrredón, Mar del Plata
- Fuente del término: embne
370 ## - LUGAR ASOCIADO
- Lugar de fallecimiento: España, Madrid (Comunidad Autónoma), Madrid
- Fuente del término: embne
372 ## - CAMPO DE ACTIVIDAD
- Campo de actividad: Arte--Historia
- Campo de actividad: Comisariado de exposiciones
- Fuente del término: embne
374 ## - OCUPACIÓN
- Ocupación: Comisarios de exposiciones
- Ocupación: Historiadores del arte
375 ## - GÉNERO/SEXO
- Género: Masculino
377 ## - IDIOMA ASOCIADO
- Término de lengua/lenguaje: Español
400 1# - TRAZADO DE VÉASE--NOMBRE DE PERSONA
- Nombre de persona: Pérez de Ayala Giménez, Juan,
- Fechas asociadas al nombre: 1948-2022
670 ## - FUENTE DE DATOS ENCONTRADOS
- Cita de la fuente: Valencia, 1900-1936 : colecciones ABC
- Información encontrada: v. port.(textos, Juan Pérez de Ayala)
670 ## - FUENTE DE DATOS ENCONTRADOS
- Cita de la fuente: Envuelta en la niebla, de Phyllis A. Whitney, 1987
- Información encontrada: (traducción, Eliana Carballude y Juan Pérez de Ayala)
670 ## - FUENTE DE DATOS ENCONTRADOS
- Cita de la fuente: WWW Agencia Española ISBN, 1--3-2010
- Información encontrada: (Pérez de Ayala Giménez, Juan)
670 ## - FUENTE DE DATOS ENCONTRADOS
- Cita de la fuente: WWW El País, 8-3-2022
- Información encontrada: (Juan Pérez de Ayala (Mar del Plata, Argentina, 1948-Madrid, 25-02-2022), crítico de arte, comisario de exposiciones y editor. Era nieto del escritor Ramón Pérez de Ayala, de quien publicó una voluminosa antología y a cuyo legado dedicó muchos esfuerzos encaminados a su preservación y difusión
